| 000 | 01373nam a2200325 c 4500 | ||
|---|---|---|---|
| 003 | BLK | ||
| 005 | 20250711162612.0 | ||
| 008 | 180408b bul|||||r ||||||| ||bul|| | ||
| 010 | _aKNG00058094000 | ||
| 020 |
_a954-649-843-2 _bиздат.: Сиела Софт енд Паблишинг |
||
| 040 | _aBLK | ||
| 041 |
_aBUL _cBUL |
||
| 080 |
_aАмериканска литература (на САЩ) _b821.111(73) _x-31 _z821.111(73)-31 |
||
| 100 | 1 |
_aКостова, Елизабет _eпърви автор _9285432 |
|
| 700 | 1 |
_aХаджийска, Невяна _eпрев. от англ. _9285433 |
|
| 139 |
_aКостова, Елизабет _bК 86 |
||
| 245 | 1 | 0 |
_aИсторикът _bРоман _cЕлизабет Костова; прев. от англ. Невяна Хаджийска. |
| 257 | _aUSA | ||
| 260 |
_аСофия _bСиела Софт енд Паблишинг _c2005 _fСофия : Унискорп |
||
| 300 |
_a728 с. _bс к. _c21 см _e1 аудио CD |
||
| 380 | _aX | ||
| 500 | _aБез сведение за ориг. загл. - CD със сигн. Цб CD 987. | ||
| 653 | _aромани | ||
| 852 | _aЦб 226322 | ||
| 856 | 4 |
_qpdf _u |
|
| 856 | 4 |
_qpdf _u |
|
| 942 |
_cKNG _n0 _022 |
||
| 944 |
_aCR _c03.02.2006 _lЦветомила Тодорова _k30576 |
||
| 944 |
_aED _c05.10.2017 _lф / _kЛюдмила_Стоянова |
||
| 999 |
_c54150 _d54150 |
||